La protesta contra el FMI y la política estadounidense en la Argentina reciente (2000-2006) /
El estudio de María Celia Cotarela se centra en las protestas argentinas contra el Fondo Monetario Internacional y la política de Estados Unidos en Irak y América Latina (el ALCA) logrando, con un minucioso examen de actores, demandas y formas de protesta - vinculado a un contexto sociopolítico lati...
Gespeichert in:
| 1. Verfasser: | |
|---|---|
| Format: | Text |
| Schlagworte: | |
| Tags: |
Tag hinzufügen
Keine Tags, Fügen Sie den ersten Tag hinzu!
|
MARC
| LEADER | 00000 a a2200000 04500 | ||
|---|---|---|---|
| 001 | 39975 | ||
| 003 | |||
| 040 | |||
| 100 | |a Cotarelo, María Celia | ||
| 245 | |a La protesta contra el FMI y la política estadounidense en la Argentina reciente (2000-2006) / |c María Celia Cotarelo | ||
| 520 | |a El estudio de María Celia Cotarela se centra en las protestas argentinas contra el Fondo Monetario Internacional y la política de Estados Unidos en Irak y América Latina (el ALCA) logrando, con un minucioso examen de actores, demandas y formas de protesta - vinculado a un contexto sociopolítico latinoamericano cambiante y movido -, establecer los impactos que dichas protestas han tenido en los reajustes de alianzas políticas que se vienen produciendo en el gobierno de Néstor Kirchner. | ||
| 590 | |a RRA/JULIO2010 | ||
| 650 | |a 1.CONFLICTOS SOCIALES | ||
| 650 | |a 2.MOVIMIENTOS SOCIALES | ||
| 650 | |a 3.FMI | ||
| 650 | |a 4.ARGENTINA | ||
| 773 | |g 261-278 | ||
| 999 | |c 31792 |d 31792 | ||
